| 000 | 01361cam a22003015a 4500 | ||
|---|---|---|---|
| 001 | L145369 | ||
| 002 | 17476 | ||
| 008 | 081001s2008 xxk f 001 0 eng d | ||
| 020 | _a9781904829812 | ||
| 035 | _a(Sirsi) u145369 | ||
| 041 | 0 | _aeng | |
| 050 | 0 | 4 | _a692.5 $2 18 |
| 110 | 2 |
_aBuilding Cost Information Service _91096 |
|
| 245 | 0 | 0 |
_aWessex comprehensive building price book _bminor works, 2009 |
| 250 | _a26th ed. | ||
| 260 |
_aLondon _bBCIS _c2008 |
||
| 300 |
_amultiple pagination _c30cm. |
||
| 520 | _aGives unit rates compiled from over 500 000 price elements. Each unit rate and element has been updated and new materials and specifications have been incorporated where applicable. Includes the latest amendments to professional information, average building prices, town and country planning regulations fees for applications, building regulations prescribed fees etc. and costs limits and allowances. Gives guidance with regard to land fill tax and land decontamination. | ||
| 520 | _aIncludes a free download of electronic pricing system. | ||
| 520 | _aSupersedes the 25th ed. (ISBN 978190482959). | ||
| 520 | _aSuperseded by 27th edition (ISBN 9781904829935). | ||
| 521 | _aAdvanced | ||
| 590 | _aKA | ||
| 651 | 4 |
_aUnited Kingdom _y |
|
| 690 | _aBUILT ENVIRONMENT-BUILDING COSTS | ||
| 700 | 1 |
_aBarnett, N.P. _eEditor |
|
| 942 | _n0 | ||
| 999 |
_c108772 _d108772 |
||